PEDIATRIC NURSING : AN INTRODUCTORY TEXT (Record no. 199126)
[ view plain ]
| 000 -LEADER | |
|---|---|
| fixed length control field | 00251nam a2200097Ia 4500 |
| 050 ## - LIBRARY OF CONGRESS CALL NUMBER | |
| Classification number | RJ 245.P43 2008 |
| 100 ## - MAIN ENTRY--PERSONAL NAME | |
| Personal name | PRICE,DEBRA L. |
| 245 #0 - TITLE STATEMENT | |
| Title | PEDIATRIC NURSING : AN INTRODUCTORY TEXT |
| 942 ## - ADDED ENTRY ELEMENTS (KOHA) | |
| Koha item type | Long Loan Book |
| Withdrawn status | Lost status | Source of classification or shelving scheme | Damaged status | Not for loan | Collection | Home library | Current library | Shelving location | Date acquired | Inventory number | Total checkouts | Full call number | Barcode | Date last seen | Copy number | Price effective from | Koha item type |
|---|---|---|---|---|---|---|---|---|---|---|---|---|---|---|---|---|---|
| Library of Congress Classification | Medicine | Kisii University Library | Kisii University Library | On Display | 03/06/2024 | 85162 | RJ 245 .P43 2008 | 043837 | 03/06/2024 | C.1 | 03/06/2024 | Long Loan Book | |||||
| Library of Congress Classification | Medicine | Kisii University Library | Kisii University Library | On Display | 03/06/2024 | 85164 | RJ 245 .P43 2008 | 043839 | 03/06/2024 | C. 3 | 03/06/2024 | Long Loan Book | |||||
| Library of Congress Classification | Medicine | Kisii University Library | Kisii University Library | On Display | 03/06/2024 | 85165 | RJ 245 .P43 2008 | 043838 | 03/06/2024 | C.4 | 03/06/2024 | Long Loan Book |